Ingeniería Industrial : Métodos, tiempos y movimientos

Bibliographic Details
Main Author: Niebel, Benjamin W.
Format: Section = Libro
Language:Undetermined
Spanish
Published: Colombia Alfaomega 2000
Edition:9a.ed.
Subjects:
LEADER 00674nam a2200229Ia 4500
008 240829s9999 xx 000 0 und d
020 |a 970-15-0217-5 
040 |a BIBLIOTECA-RUPAP 670.42 N665 
041 |a spa 
082 |a 670.42 N665 
100 1 |a Niebel, Benjamin W.  
245 1 0 |a Ingeniería Industrial : Métodos, tiempos y movimientos 
250 |a 9a.ed. 
260 |a Colombia  |b Alfaomega  |c 2000 
300 |a 880 p. :il. 
650 7 |a INGENIERIA DE LAS OPERACINES FABRILES INDUSTRIAL 
650 7 |b  METODOS ESTANDARES 
650 7 |c  ERGONOMIA 
650 7 |d  CAPACITACION. I. Freivalds, Andris, coaut. II. Tít. 
942 |c BK  |2 ddc 
991 |a TEXTO 
999 |c 10055